000 00618nam a2200181Ia 4500
008 100917s9999 xx 000 0 und d
082 _b57922
100 _aआपटे हरि नारायण
245 _aसूर्योदय (आवृत्ती 5 वी)
260 _bरम्यकथा प्रकाशन
_c1972
300 _a443
365 _b56
520 _aकादंबरी
630 _aसूर्योदय (आवृत्ती 5 वी)
650 _aकादंबरी
730 _aसूर्योदय (आवृत्ती 5 वी)
942 _cBOOK
999 _c663316
_d663313